| 000 | 00581nam a2200181 a 4500 | ||
|---|---|---|---|
| 005 | 20210223124103.0 | ||
| 008 | 010517s2000 mx r 000 0 spa d | ||
| 020 | _a9993425125 | ||
| 035 | _aUPN01000106332 | ||
| 049 | _aCG | ||
| 050 | 4 |
_aQH541.15 S7.2 _bH4.2 |
|
| 100 | 1 | _aHerrera Moreno, Alejandro | |
| 245 | 1 | 3 |
_aLa clasificación numérica y su aplicación en la ecología / _cAlejandro Herrera Moreno. |
| 260 |
_aSanto Domingo, Rep. Dom. : _bInstituto Tecnológico de Santo Domingo, _c2000. |
||
| 300 | _a88 p. | ||
| 650 | 4 |
_aECOLOGIA - _vESTADISTICA _916548 |
|
| 905 | _aLibro | ||
| 999 |
_c80245 _d80245 |
||